| 000 | 00682nam a22002297a 4500 | ||
|---|---|---|---|
| 003 | BUBTL | ||
| 008 | 160814b xxu||||| |||| 00| 0 eng d | ||
| 020 | _a9788121928137 | ||
| 082 | _a536.1/ L15h/ 2010 | ||
| 100 |
_95549 _aLal, Brij |
||
| 245 |
_aHeat Thermodynamics and Statistical Physics / _cBrij Lal, N. Subrahmanyam, P.S. Hemne |
||
| 250 | _a1st ed | ||
| 260 |
_aNew Delhi: _bS.Chand & Company, _cc2010 |
||
| 300 |
_axix, 665 p. : _bills.; _c24 cm. |
||
| 500 | _aIncludes Index | ||
| 650 | 0 |
_9167 _aPhysics |
|
| 700 |
_95550 _aSubrahmanyam, N. |
||
| 700 |
_95551 _aHemne, P.S. |
||
| 856 |
_k0 _l0 _yDownload |
||
| 942 |
_2ddc _cBK |
||
| 999 |
_c5330 _d5330 |
||